Transport technology for developing regions; (Record no. 528086)
[ view plain ]
| 000 -LEADER | |
|---|---|
| fixed length control field | 01130cam a22003011 4500 |
| 001 - CONTROL NUMBER | |
| control field | 281119 |
| 003 - CONTROL NUMBER IDENTIFIER | |
| control field | NUST |
| 005 - DATE AND TIME OF LATEST TRANSACTION | |
| control field | 20190828054508.0 |
| 008 - FIXED-LENGTH DATA ELEMENTS--GENERAL INFORMATION | |
| fixed length control field | 731212s1966 mauab b 000 0 eng |
| 010 ## - LIBRARY OF CONGRESS CONTROL NUMBER | |
| LC control number | 66026018 |
| 038 ## - RECORD CONTENT LICENSOR | |
| Staff Name | M.Ramzan |
| 040 ## - CATALOGING SOURCE | |
| Original cataloging agency | DLC |
| Transcribing agency | DLC |
| Modifying agency | DLC |
| 043 ## - GEOGRAPHIC AREA CODE | |
| Geographic area code | s-ve--- |
| 050 00 - LIBRARY OF CONGRESS CALL NUMBER | |
| Classification number | HE359.V43 |
| Item number | T76 |
| 082 00 - DEWEY DECIMAL CLASSIFICATION NUMBER | |
| Classification number | 380.50987 |
| Author Mark | SOB |
| 100 1# - MAIN ENTRY--PERSONAL NAME | |
| Personal name | Soberman, Richard M. |
| 9 (RLIN) | 19631 |
| 245 10 - TITLE STATEMENT | |
| Title | Transport technology for developing regions; |
| Remainder of title | a study of road transportation in Venezuela |
| Statement of responsibility, etc. | [by] Richard M. Soberman. |
| 260 ## - PUBLICATION, DISTRIBUTION, ETC. | |
| Place of publication, distribution, etc. | Cambridge, Mass., |
| Name of publisher, distributor, etc. | M.I.T. Press |
| Date of publication, distribution, etc. | [1966] |
| 300 ## - PHYSICAL DESCRIPTION | |
| Extent | xii, 177 p. |
| Other physical details | illus., maps. |
| Dimensions | 25 cm. |
| 490 1# - SERIES STATEMENT | |
| Series statement | A Publication of the Joint Center for Urban Studies of the Massachusetts Institute of Technology and Harvard University |
| 500 ## - GENERAL NOTE | |
| General note | Based on thesis, Massachusetts Institute of Technology. |
| 504 ## - BIBLIOGRAPHY, ETC. NOTE | |
| Bibliography, etc. note | Bibliography: p. 162-172. |
| 650 #0 - SUBJECT ADDED ENTRY--TOPICAL TERM | |
| Topical term or geographic name entry element | Traffic engineering |
| Geographic subdivision | Venezuela. |
| 9 (RLIN) | 19632 |
| 650 #0 - SUBJECT ADDED ENTRY--TOPICAL TERM | |
| Topical term or geographic name entry element | Roads |
| Geographic subdivision | Venezuela. |
| 9 (RLIN) | 19633 |
| 830 #0 - SERIES ADDED ENTRY--UNIFORM TITLE | |
| Uniform title | Publication of the Joint Center for Urban Studies. |
| 9 (RLIN) | 19634 |
| 906 ## - LOCAL DATA ELEMENT F, LDF (RLIN) | |
| a | 7 |
| b | cbc |
| c | orignew |
| d | u |
| e | ocip |
| f | 19 |
| g | y-gencatlg |
| 942 ## - ADDED ENTRY ELEMENTS (KOHA) | |
| Source of classification or shelving scheme | |
| Koha item type | Book |
| Withdrawn status | Lost status | Source of classification or shelving scheme | Damaged status | Not for loan | Permanent Location | Current Location | Date acquired | Total Checkouts | Full call number | Barcode | Date last seen | Price effective from | Koha item type |
|---|---|---|---|---|---|---|---|---|---|---|---|---|---|
| School of Civil and Environmental Engineering (SCEE) | School of Civil and Environmental Engineering (SCEE) | 08/28/2019 | 380.50987 SOB | NIT-10215 | 08/28/2019 | 08/28/2019 | Book |
